000 005110000a22001810004500
003 MACL
005 20160426171109.0
008 160426b xxu||||| |||| 00| 0 eng d
040 _aMACL
_cMACL
041 _aHindi
082 _a800
100 _aअमृता प्रीतम
_920056
245 _aचिरागों की रात
260 _bकृति प्रकाशन
_c2004
_aदिल्‍ली
350 _a120
650 _aLiteracture
_954166
942 _cHIN
_k800/PRE/L
_2ddc
999 _c18546
_d18546